Effect of treatment on diarrhea in suckling piglet at Cambodian pig raisning association in samroung teong district kompong speu province, ប្រសិទ្ធភាពនៃការព្យាបាលជំងឺរេាកកូនជ្រូកនៅកសិដ្ឋានសមាគមន៍អ្នកចិញ្ចឹមជ្រូកស្រុកសំរោងទង ខេត្ដកំពង់ស្ពឺ (Record no. 2664)

000 -LEADER
fixed length control field 00797nam a22001577a 4500
003 - CONTROL NUMBER IDENTIFIER
control field OSt
005 - DATE AND TIME OF LATEST TRANSACTION
control field 20151025100048.0
008 - FIXED-LENGTH DATA ELEMENTS--GENERAL INFORMATION
fixed length control field 151025b xxu||||| |||| 00| 0 eng d
040 ## - CATALOGING SOURCE
Transcribing agency RUA
082 ## - DEWEY DECIMAL CLASSIFICATION NUMBER
Classification number AVM OUK 2013 B108 Or.1
100 ## - MAIN ENTRY--PERSONAL NAME
9 (RLIN) 2846
Personal name OUK, DARA,
245 ## - TITLE STATEMENT
Title Effect of treatment on diarrhea in suckling piglet at Cambodian pig raisning association in samroung teong district kompong speu province, ប្រសិទ្ធភាពនៃការព្យាបាលជំងឺរេាកកូនជ្រូកនៅកសិដ្ឋានសមាគមន៍អ្នកចិញ្ចឹមជ្រូកស្រុកសំរោងទង ខេត្ដកំពង់ស្ពឺ
260 ## - PUBLICATION, DISTRIBUTION, ETC. (IMPRINT)
Place of publication, distribution, etc. Phnom Penh
Name of publisher, distributor, etc. RUA
Date of publication, distribution, etc. 2013
300 ## - PHYSICAL DESCRIPTION
Extent viii; 38p.
Other physical details ill.
Dimensions 29cm.
942 ## - ADDED ENTRY ELEMENTS (KOHA)
Source of classification or shelving scheme
Koha item type AVM
Holdings
Price effective from Date last seen Permanent Location Not for loan Date acquired Source of classification or shelving scheme Koha item type Lost status Withdrawn status Total Renewals Date last checked out Total Checkouts Shelving location Damaged status Barcode Current Location Checked out Full call number
2015-10-252015-10-25Library Block B 2015-10-25 AVM     B108 RUA017680Library Block B AVM OUK 2013 B108 Or.1
2015-10-252015-10-25Library Block B 2015-10-25 AVM     B108 RUA017608Library Block B AVM OUK 2013 B108 Or.2
2015-10-252015-10-25Library Block B 2015-10-25 AVM     B108 RUA017536Library Block B AVM OUK 2013 B108 Or.3
2015-10-252015-10-25Library Block B 2015-10-25 AVM     B108 RUA017757Library Block B AVM OUK 2013 B108 Or.4
2015-10-252015-10-25Library Block B 2015-10-25 AVM     B108 RUA017829Library Block B AVM OUK 2013 B108 Or.5
2015-10-252019-08-30Library Block B 2015-10-25 AVM   2019-08-301B108 RUA017901Library Block B2019-09-17AVM OUK 2013 B108 Or.6
2015-10-252016-06-21Library Block B 2015-10-25 AVM   2016-06-141B108 RUA017981Library Block B AVM OUK 2013 B108 Or.7
2019-06-192019-06-19Library Block B 2019-06-19 AVM     B1.238 A37240Library Block B AVM OUK 2013 B1.238 Or.1
2019-07-122024-12-05Library Block B 2019-07-12 AVM  12024-12-032B1.230 A38152Library Block B AVM OUK 2013 B1.230 Or.1
2019-07-152019-07-15Library Block B 2019-07-15 AVM     B1.230 A40481Library Block B AVM OUK 2013 B1.230 Or.1
មជ្ឈមណ្ឌលឯការនៃសាកលវិទ្យាល័យភូមិន្ទកសិកម្មចំការដូង

Powered by Koha